Statistics for Actor to Country

Click here to take the quiz!

General Stats

  • This quiz has been taken 40 times
  • The average score is 14 of 20

Answer Stats

ActorCountry% Correct
Ryan GoslingCanada
97%
Robert de NiroUnited States
97%
Hugh JackmanAustralia
92%
Song Kang-hoSouth Korea
92%
Diego LunaMexico
84%
Daniel Day-LewisUnited Kingdom
84%
Russell CroweNew Zealand
82%
Stellan SkarsgårdSweden
82%
Cillian MurphyIreland
79%
Ken WatanabeJapan
79%
Javier BardemSpain
76%
Christoph WaltzAustria
71%
Mads MikkelsenDenmark
71%
Daniel BrühlGermany
68%
Aamir KhanIndia
61%
Vincent CasselFrance
58%
Rutger HauerNetherlands
47%
Matthias SchoenaertsBelgium
45%
Terence HillItaly
34%
Djimon HounsouBenin
24%

Score Distribution

Percentile by Number Answered

Percent of People with Each Score

Your Score History

You have not taken this quiz